<?xml version="1.0" encoding="UTF-8"?><record xmlns="http://www.loc.gov/MARC21/slim" xmlns:zs="http://docs.oasis-open.org/ns/search-ws/sruResponse">
  <leader>03918cam a22006373a 4500</leader>
  <controlfield tag="001">16365040</controlfield>
  <controlfield tag="005">20250607035925.0</controlfield>
  <controlfield tag="008">910603s1748    gw            000 1 mul d</controlfield>
  <datafield ind1=" " ind2=" " tag="906">
    <subfield code="a">7</subfield>
    <subfield code="b">cbc</subfield>
    <subfield code="c">copycat</subfield>
    <subfield code="d">3</subfield>
    <subfield code="e">ncip</subfield>
    <subfield code="f">20</subfield>
    <subfield code="g">y-genmusic</subfield>
  </datafield>
  <datafield ind1=" " ind2=" " tag="955">
    <subfield code="e">vk67 2011-08-31 microfilm added</subfield>
  </datafield>
  <datafield ind1=" " ind2=" " tag="955">
    <subfield code="a">LCAP batch update 2025-06-01-04:00: LCAPM-644</subfield>
  </datafield>
  <datafield ind1=" " ind2=" " tag="010">
    <subfield code="a">  2010665130</subfield>
  </datafield>
  <datafield ind1=" " ind2=" " tag="035">
    <subfield code="a">16365040</subfield>
  </datafield>
  <datafield ind1=" " ind2=" " tag="035">
    <subfield code="a">(DLC)musschatz.18511</subfield>
  </datafield>
  <datafield ind1=" " ind2=" " tag="035">
    <subfield code="a">(CStRLIN)VAUP91-B1547</subfield>
  </datafield>
  <datafield ind1=" " ind2=" " tag="040">
    <subfield code="a">ViU</subfield>
    <subfield code="c">ViU</subfield>
    <subfield code="d">DLC</subfield>
  </datafield>
  <datafield ind1="1" ind2=" " tag="041">
    <subfield code="a">ger</subfield>
    <subfield code="a">ita</subfield>
    <subfield code="a">fre</subfield>
    <subfield code="h">ita</subfield>
  </datafield>
  <datafield ind1="0" ind2="0" tag="050">
    <subfield code="a">ML48</subfield>
    <subfield code="b">[S4095]</subfield>
  </datafield>
  <datafield ind1=" " ind2=" " tag="051">
    <subfield code="a">Microfilm Music 1854, reel 82.</subfield>
    <subfield code="c">Microfilm. Washington, D.C. : Library of Congress, [197-]. 1 microfilm reel ; 35 mm.</subfield>
  </datafield>
  <datafield ind1="1" ind2=" " tag="100">
    <subfield code="a">Graun, Karl Heinrich,</subfield>
    <subfield code="d">1704-1759.</subfield>
    <subfield code="4">cmp</subfield>
  </datafield>
  <datafield ind1="1" ind2="0" tag="240">
    <subfield code="a">Europa galante.</subfield>
    <subfield code="s">Libretto.</subfield>
    <subfield code="l">German &amp; Italian</subfield>
  </datafield>
  <datafield ind1="1" ind2="4" tag="245">
    <subfield code="a">Das galante Europa :</subfield>
    <subfield code="b">ein Singespiel welches auf allergnädigsten Befehl Sr. Königl. Majestät von Preussen an dem höchsterfreulichen Geburts-Feste Ihro Majestät der Königl. Frau Mutter Frauen Sophien Dorotheen Koniginn von Preussen &amp;c. &amp;c. &amp;c. : auf dem Königl. Schauplatze zu Berlin soll aufgeführet werden.</subfield>
  </datafield>
  <datafield ind1=" " ind2=" " tag="260">
    <subfield code="a">Berlin :</subfield>
    <subfield code="b">Bey A. Haude u. J.C. Spener,</subfield>
    <subfield code="c">1748.</subfield>
  </datafield>
  <datafield ind1=" " ind2=" " tag="300">
    <subfield code="a">77, [3] p. ;</subfield>
    <subfield code="c">17 cm.</subfield>
  </datafield>
  <datafield ind1=" " ind2=" " tag="336">
    <subfield code="a">text</subfield>
    <subfield code="b">txt</subfield>
    <subfield code="2">rdacontent</subfield>
  </datafield>
  <datafield ind1=" " ind2=" " tag="337">
    <subfield code="a">unmediated</subfield>
    <subfield code="b">n</subfield>
    <subfield code="2">rdamedia</subfield>
  </datafield>
  <datafield ind1=" " ind2=" " tag="338">
    <subfield code="a">volume</subfield>
    <subfield code="b">nc</subfield>
    <subfield code="2">rdacarrier</subfield>
  </datafield>
  <datafield ind1=" " ind2=" " tag="500">
    <subfield code="a">U.S. RISM Libretto Project.</subfield>
  </datafield>
  <datafield ind1=" " ind2=" " tag="500">
    <subfield code="a">Five acts; libretto in Italian and German on facing pages; added title page in Italian; ballet descriptions in French; legal notice--title page; character lists--p. 4-7.</subfield>
  </datafield>
  <datafield ind1=" " ind2=" " tag="500">
    <subfield code="a">The characters are listed separately for each Aufzug/Entrata as follows: 1. Venus, Die Zwietracht -- 2. Silvander, Cefisa, Doris, Filenus -- 3. Don Pietro, Don Carlos -- 4. Ottavio, Olimpia -- 5. Soliman, Zaide, Roxane, Venus, Die Zwietracht.</subfield>
  </datafield>
  <datafield ind1=" " ind2=" " tag="500">
    <subfield code="a">"Die Music ist von dem berühmten Königl. Capellmeister, Herrn Carl Heinrich Graun"--p. 7.</subfield>
  </datafield>
  <datafield ind1=" " ind2=" " tag="500">
    <subfield code="a">"Aprés le Prologue: ... Entrée seule, Mlle. Rosalie Giraud; Figurants, Mrs. Giraud ... [et al.], Figurantes, Mlles. Domitilla ... [et al.]"--p. [1] at end.</subfield>
  </datafield>
  <datafield ind1=" " ind2=" " tag="500">
    <subfield code="a">"Entrée des François: Entrée seule, Mlle. Couchoy; Entrée seule, Mr. Giraud; Figurants, Mrs. du Bois le grand ... [et al.]; Figurantes, Mlles. Artus ... [et al.]"--p. [1] at end.</subfield>
  </datafield>
  <datafield ind1=" " ind2=" " tag="500">
    <subfield code="a">"Entrée des Espagnols: Pas de deux, Mlle. Barberina, Mr. Artus; Figurants, Mrs. du Bois le grand ... [et al.]; Figurantes, Mlles. Rosalie Giraud ... [et al.]"--p. [2] at end.</subfield>
  </datafield>
  <datafield ind1=" " ind2=" " tag="500">
    <subfield code="a">"Entrée de masques ou Venetiens: Entrée seule, Mr. Artus ...; Pas de deux, Melle. Domitilla, Mr. Boucher ...; Figurants Mrs. Giraud ... [et al.]; Figurantes, Mlles. Auguste ... [et al.]"--p. [2] at end.</subfield>
  </datafield>
  <datafield ind1=" " ind2=" " tag="500">
    <subfield code="a">"Entrée des Turcs: Entrée seule, Mlle Couchoy, Pas de deux, Mrs. Giraud, &amp; Boucher ...; Entrée seule, Mlle. Barberina; Pas de trois, Mrs. Artus, Giraud, &amp; Boucher; Figurants, Mrs. Neveu ... [et al.]; Figurantes, Mlles. Domitilla ... [et al.], Mlles. du Portail, &amp; Rosalie le Roi"--p. [3] at end.</subfield>
  </datafield>
  <datafield ind1=" " ind2=" " tag="500">
    <subfield code="a">Singers' names not given.</subfield>
  </datafield>
  <datafield ind1=" " ind2=" " tag="518">
    <subfield code="a">Performance: Berlin, Königlicher Schauplatz, 1748.</subfield>
  </datafield>
  <datafield ind1=" " ind2="0" tag="650">
    <subfield code="a">Operas</subfield>
    <subfield code="v">Librettos.</subfield>
  </datafield>
  <datafield ind1="1" ind2=" " tag="720">
    <subfield code="a">Le Roi, Rosalie.</subfield>
    <subfield code="4">dnc</subfield>
  </datafield>
  <datafield ind1="1" ind2=" " tag="720">
    <subfield code="a">Frederick II, King of Prussia, 1712-1786.</subfield>
    <subfield code="4">dto</subfield>
  </datafield>
  <datafield ind1="1" ind2=" " tag="720">
    <subfield code="a">Sophie Dorothea, Queen, consort of Frederick William I, King of Prussia, 1687-1757.</subfield>
    <subfield code="4">dte</subfield>
  </datafield>
  <datafield ind1="1" ind2=" " tag="720">
    <subfield code="a">Giraud, Rosalie.</subfield>
    <subfield code="4">dnc</subfield>
  </datafield>
  <datafield ind1="1" ind2=" " tag="720">
    <subfield code="a">Giraud, Mr.</subfield>
    <subfield code="4">dnc</subfield>
  </datafield>
  <datafield ind1="1" ind2=" " tag="720">
    <subfield code="a">Domitilla, Mlle.</subfield>
    <subfield code="4">dnc</subfield>
  </datafield>
  <datafield ind1="1" ind2=" " tag="720">
    <subfield code="a">Couchoy, Mlle.</subfield>
    <subfield code="4">dnc</subfield>
  </datafield>
  <datafield ind1="1" ind2=" " tag="720">
    <subfield code="a">Du Bois le grand,</subfield>
    <subfield code="4">dnc</subfield>
  </datafield>
  <datafield ind1="1" ind2=" " tag="720">
    <subfield code="a">Artus, Mlle.</subfield>
    <subfield code="4">dnc</subfield>
  </datafield>
  <datafield ind1="1" ind2=" " tag="720">
    <subfield code="a">Auguste, Mlle.</subfield>
    <subfield code="4">dnc</subfield>
  </datafield>
  <datafield ind1="1" ind2=" " tag="720">
    <subfield code="a">Boucher, Mr.</subfield>
    <subfield code="4">dnc</subfield>
  </datafield>
  <datafield ind1="1" ind2=" " tag="720">
    <subfield code="a">Barberina, Mlle.</subfield>
    <subfield code="4">dnc</subfield>
  </datafield>
  <datafield ind1="1" ind2=" " tag="720">
    <subfield code="a">Neveu, Mr.</subfield>
    <subfield code="4">dnc</subfield>
  </datafield>
  <datafield ind1="1" ind2=" " tag="720">
    <subfield code="a">Du Portail, Mlle.</subfield>
    <subfield code="4">dnc</subfield>
  </datafield>
  <datafield ind1="4" ind2="1" tag="856">
    <subfield code="u">http://hdl.loc.gov/loc.music/musschatz.18511</subfield>
  </datafield>
  <datafield ind1=" " ind2=" " tag="985">
    <subfield code="e">USRISMlibretto</subfield>
  </datafield>
  <datafield ind1=" " ind2=" " tag="985">
    <subfield code="e">musschatz_scanning_2016</subfield>
  </datafield>
</record>
